| 000 | 00476nam a2200181Ia 4500 | ||
|---|---|---|---|
| 005 | 20250524112508.0 | ||
| 008 | 250516s9999 xx 000 0 und d | ||
| 020 |
_a9780226734798 _qpbk |
||
| 041 | _aeng | ||
| 082 | _a330.122 FRI | ||
| 100 | _aFriedman, Milton | ||
| 245 | 0 |
_aCapitalism And Freedom _c/Milton Friedman; |
|
| 250 | _a1st ed. | ||
| 260 |
_bUniversity of Chicago Press, _c2020. _aUSA: |
||
| 300 |
_a253p. : _c19cm. |
||
| 650 | _aEconomics | ||
| 942 | _cENGLISH | ||
| 999 |
_c571133 _d571133 |
||